Sencer ile Yusufçuk (Record no. 3067)

000 -LEADER
fixed length control field 00422nam a22001697a 4500
008 - FIXED-LENGTH DATA ELEMENTS--GENERAL INFORMATION
fixed length control field 190314b ||||| |||| 00| | eng d
020 ## - INTERNATIONAL STANDARD BOOK NUMBER
International Standard Book Number 9789750710544
041 ## - LANGUAGE CODE
Language code of text/sound track or separate title Türkçe
050 ## - LIBRARY OF CONGRESS CALL NUMBER
Classification number PL248.D813
100 ## - MAIN ENTRY--PERSONAL NAME
9 (RLIN) 969
Personal name Duman, Faruk
245 ## - TITLE STATEMENT
Title Sencer ile Yusufçuk
250 ## - EDITION STATEMENT
Edition statement 1.Basım
260 ## - PUBLICATION, DISTRIBUTION, ETC.
Place of publication, distribution, etc. İstanbul:
Name of publisher, distributor, etc. Can Yayınları,
Date of publication, distribution, etc. Mart 2009
300 ## - PHYSICAL DESCRIPTION
Extent 90 Sayfa
650 #0 - SUBJECT ADDED ENTRY--TOPICAL TERM
9 (RLIN) 145
Topical term or geographic name entry element Türk Edebiyatı
942 ## - ADDED ENTRY ELEMENTS (KOHA)
Source of classification or shelving scheme
Koha item type Books
Holdings
Withdrawn status Lost status Source of classification or shelving scheme Damaged status Not for loan Permanent Location Current Location Shelving location Date acquired Full call number Barcode Date last seen Price effective from Koha item type
        Ödünç verilemez İmren Ahmet Tüzün Kütüphanesi İmren Ahmet Tüzün Kütüphanesi Ahmet Tüzün 2019-03-14 PL248.D813 100100003049 2019-03-14 2019-03-14 Books
        Ödünç verilemez İmren Ahmet Tüzün Kütüphanesi İmren Ahmet Tüzün Kütüphanesi Ahmet Tüzün 2019-03-14 PL248.D813 100100003050 2019-03-14 2019-03-14 Books

This software was implemented, installed and managed by Devinim Software Training Consulting .